| 000 | 00966nam a22002777a 4500 | ||
|---|---|---|---|
| 001 | 5274 | ||
| 003 | FISKH | ||
| 005 | 20250512142326.0 | ||
| 008 | 241122b cb ||||| |||| 00| 0 eng d | ||
| 020 | _a9780763653040 | ||
| 040 |
_aFISKH _beng _cFISKH _dFISKH |
||
| 050 | _aPZ7.A2688 | ||
| 082 | _a823.92 | ||
| 100 |
_aAhlberg, Allan _d(1938-) |
||
| 245 |
_aPreviously / _c Allan Ahlberg Bruce Ingman |
||
| 250 | _a2007 | ||
| 260 |
_aGuangdong : _bCandlewich, _c2007. |
||
| 300 |
_a28 pages : _bColor illustrations ; _c24 cm |
||
| 505 | _aP | ||
| 520 | _aThe adventures of various nursery rhyme and fairy tale characters are retold in backward sequence with each tale interrelated to the other. Includes Goldilocks, Jack and the beanstalk, Jack and Jill, the frog prince, Cinderella, and the gingerbread man. | ||
| 521 | 8 |
_a610L
_bLexile |
|
| 650 |
_2Fairy tale _aFiction |
||
| 700 |
_aIngman, Bruce _dIllustrator |
||
| 942 |
_2ddc _cBK _n0 |
||
| 999 |
_c5274 _d5274 |
||